Computer Literacy (Record no. 161437)

MARC details
000 -LEADER
fixed length control field 00450nam a2200193Ia 4500
008 - FIXED-LENGTH DATA ELEMENTS--GENERAL INFORMATION
fixed length control field 240823s9999||||xx |||||||||||||| ||und||
082 ## - DEWEY DECIMAL CLASSIFICATION NUMBER
-- 004 M7
100 ## - MAIN ENTRY--PERSONAL NAME
Personal name "Horn,Garin E"
245 #0 - TITLE STATEMENT
Title Computer Literacy
250 ## - EDITION STATEMENT
Edition statement 2nd
260 ## - PUBLICATION, DISTRIBUTION, ETC. (IMPRINT)
Date of publication, distribution, etc 1987
Name of publisher, distributor, etc "TMH,New Delhi"
500 ## - GENERAL NOTE
General note Transfered
650 ## - SUBJECT ADDED ENTRY--TOPICAL TERM
Topical term or geographic name as entry element Literacy
700 ## - ADDED ENTRY--PERSONAL NAME
Personal name " Poirot,James"
942 ## - ADDED ENTRY ELEMENTS (KOHA)
Item type Books
Holdings
Withdrawn status Lost status Damaged status Permanent location Current location Shelving location Date acquired Source of acquisition Cost, normal purchase price Full call number Barcode Date last seen Koha item type
      CENTRAL LIBRARY, NOORUL ISLAM CENTRE FOR HIGHER EDUCATION CENTRAL LIBRARY, NOORUL ISLAM CENTRE FOR HIGHER EDUCATION   05/09/2003 "Pai Brothers,Trivandrum" 96.00 004 M7 1656 08/23/2024 Books
Visitors:
Copyright © 2024 Central Library NICHE.  All rights reserved.